| 000 | 01386nam a2200301Ia 4500 | ||
|---|---|---|---|
| 001 | 71835 | ||
| 003 | IT-RoPAU | ||
| 008 | 130308s9999 xx 000 0 und d | ||
| 040 | _aIT-RoPAU | ||
| 040 | _cIT-RoPAU | ||
| 041 | _aFRANCESE | ||
| 100 | _aLatraverse Francois | ||
| 100 | _gCodice Aut. SPICS: 24987 | ||
| 245 | _aPragmatique (La)-Histoire et critique | ||
| 245 | _bPragmatique (La)-Histoire et Critique | ||
| 250 | _a1a ed. | ||
| 260 | _aBRUXELLES | ||
| 260 | _bMardaga Pierre | ||
| 260 | _c1987 [1° Ed.:1987 - Ed.Ling.Originale:1987] | ||
| 300 | _a"268 p. (prefazione: no ; testo: 268 [pagine: 0-0])" | ||
| 500 | _aStoria e Critca della Pragmatica Delimitazione e Organizzazione Interna della Pragmatica Pragmatica e Fenomenalità semiosi Interpretazione e Pragmatica Interpretazione presso peirce Organizzazione della Semiotica Secondo I Fondamenti della Teoria dei Segni Sintassi Semantica Valutazione Morris Pragmatica presso Carnap e Reichenbach Pragmatica Empirica e Teorica Razionalità Pragmatica Analisi Pragmatica Pragmatica Formale Pragmatica di Montague Scott Lewis Kaplan Stalnaker Pragmatica e Linguistica Natura della Competenza Discorsivo Contesto Katz e Searle Distinzione Pragmatica e Gioco di Linguaggio | ||
| 650 | _aLINGUISTICA | ||
| 650 | _eCodice materia Spics: 3201 | ||
| 942 | _cBK | ||
| 957 | _71 | ||
| 999 |
_c65632 _d65632 |
||
| 999 | _bSI | ||
| 999 | _g1 | ||